000
00506nam a2200181Ia 4500
008
090123s9999 xx 000 0 und d
082
_b
3726
100
_a
रमानंद अमीन
245
_a
तेरेद बागिलू
250
_a
1
260
_c
1974
300
_a
208
600
_a
रमानंद अमीन
630
_a
तेरेद बागिलू
700
_a
रमानंद अमीन
730
_a
तेरेद बागिलू
942
_c
BOOK
999
_c
41805
_d
41805